01610nam a22001577a 4500999001900000008004100019100005000060245003800110260003600148300003200184520106400216773003601280906002201316942000701338952010701345 c521137d521137221216b ||||| |||| 00| 0 eng d aGuriev, Sergei and Papaioannou, Elias 936313 aThe political economy of populism aJournal of Economic Literature  a60(3), Sep, 2022: p.753-832 aWe synthesize the literature on the recent rise of populism. First, we discuss definitions and present descriptive evidence on the recent increase in support for populists. Second, we cover the historical evolution of populist regimes since the late nineteenth century. Third, we discuss the role of secular economic factors related to cross-border trade and automation. Fourth, we review studies on the role of the 2008–09 global financial crisis and subsequent austerity, connect them to historical work covering the Great Depression, and discuss likely mechanisms. Fifth, we discuss studies on identity politics, trust, and cultural backlash. Sixth, we discuss economic and cultural consequences of growth in immigration and the recent refugee crisis. We also discuss the gap between perceptions and reality regarding immigration. Seventh, we review studies on the impact of the internet and social media. Eighth, we discuss the literature on the implications of populism's recent rise. We conclude outlining avenues for further research. – Reproduced  aJournal of Economic Literature  aPOLITICAL ECONOMY cAR 00102ddc40709395188aIIPAbIIPAd2022-12-16h60(3), Sep, 2022: p.753-832pAR127698r2022-12-16yAR